000 00939cam a2200157ua 4500
041 _aeng
_h
082 _a624.138
_bIND/ME
110 1 _aIndian standards institution .
_bISI
_c()
245 _aMethods of test for stabilized soils, 4332-1973 /
_cIndian standards institution.
_hTextual Documents
250 _a1 /
_b.
260 _aNew Delhi :
_bIndian standards institution ,
_c1973.
300 _a9 ; .
504 _a
942 _cBK
999 _c7127
_d7127